[Event "Mechanics' Winter TNM; G/2 d5"]
[Site "San Francisco"]
[Date "2019.01.15"]
[Round "2.22"]
[White "Pane, Gianluca"]
[Black "Mathrubootham, Ganesh"]
[Result "1-0"]
[WhiteElo "1863"]
[BlackElo "1499"]
[Annotator "Winslow,Elliott"]
[PlyCount "37"]
[EventDate "2019.01.08"]
[EventType "swiss"]
[EventRounds "8"]

1. d4 d5 2. c4 c6 3. Nf3 Nf6 4. Nc3 dxc4 5. a4 Bf5 6. e3 h6 $5 (6... e6) 7.
Bxc4 e6 8. O-O Be7 9. Qe2 O-O 10. e4 Bh7 11. Rd1 Qc7 12. Ne5 c5 13. Bf4 Qa5 14.
d5 exd5 15. Bxd5 Nxd5 16. Nxd5 Re8 {[#]} 17. Nxe7+ Rxe7 18. Nc4 Qa6 19. Rd8+
1-0

[Event "Mechanics' Winter TNM; G/2 d5"]
[Site "San Francisco"]
[Date "2019.01.15"]
[Round "2.23"]
[White "James, Charles"]
[Black "Persidsky, Andre"]
[Result "0-1"]
[WhiteElo "1419"]
[BlackElo "1814"]
[Annotator "Winslow,Elliott"]
[PlyCount "60"]
[EventDate "2019.01.08"]
[EventType "swiss"]
[EventRounds "8"]

1. d4 d5 2. c4 e6 3. Nc3 Nf6 4. cxd5 exd5 5. Bg5 Bb4 6. Qc2 O-O 7. a3 Be7 8. e3
Nbd7 9. Bd3 h6 10. Bh4 c5 11. b3 cxd4 12. exd4 Qa5 13. b4 Bxb4 14. Nge2 Bxc3+
15. Nxc3 $2 (15. Qxc3) 15... Re8+ 16. Be2 Ne4 17. Rc1 Ndf6 18. Bxf6 Nxf6 19.
O-O Bd7 20. a4 Rac8 21. Qb3 $2 Rxc3 22. Rxc3 Rxe2 23. Rfc1 Ne4 24. Re3 Qd2 25.
Rd1 Rxe3 26. fxe3 Qf2+ 27. Kh1 Qe2 28. Rc1 Nf2+ 29. Kg1 Ng4 30. Qc3 Nxe3 0-1

[Event "Mechanics' Winter TNM; G/2 d5"]
[Site "San Francisco"]
[Date "2019.01.15"]
[Round "2.24"]
[White "Drane, Robert"]
[Black "Abdi, Mehron Edwar"]
[Result "1-0"]
[WhiteElo "1800"]
[BlackElo "1069"]
[PlyCount "53"]
[EventDate "2019.01.08"]
[EventType "swiss"]
[EventRounds "8"]

1. e4 e5 2. Bc4 Nf6 3. d3 d5 4. exd5 Nxd5 5. Nf3 f6 6. O-O Bc5 7. Re1 Nc6 8. d4
Nxd4 9. Nxd4 O-O 10. Nb3 c6 11. Nxc5 b6 12. Ne4 b5 13. Bb3 Be6 14. Nbc3 f5 15.
Ng5 Bf7 16. Nxf7 Kxf7 17. Nxd5 cxd5 18. Bxd5+ Kf6 19. Bxa8 Qxa8 20. Qd6+ Kf7
21. Rxe5 Re8 22. Qd7+ Re7 23. Rxe7+ Kf8 24. Rf7+ Kg8 25. Rxg7+ Kh8 26. Rxh7+
Kg8 27. Qg7# 1-0

[Event "Mechanics' Winter TNM; G/2 d5"]
[Site "San Francisco"]
[Date "2019.01.15"]
[Round "2.29"]
[White "Xu, Jayden"]
[Black "Soffer, Aaron"]
[Result "1-0"]
[WhiteElo "1619"]
[BlackElo "1260"]
[Annotator "Winslow,Elliott"]
[PlyCount "67"]
[EventDate "2019.01.08"]
[EventType "swiss"]
[EventRounds "8"]

{[%evp 0,8,30,26,18,9,30,30,31,10,45]} 1. d4 d5 2. c4 c6 3. Nf3 Nf6 4. Nc3 Bf5
5. Bf4 e6 6. e3 Be7 7. Rc1 O-O 8. Qb3 Qb6 9. Qxb6 axb6 10. Be2 Nbd7 11. O-O c5
12. Rfd1 Be4 13. Nd2 Rfd8 14. a3 Rac8 15. Ndxe4 dxe4 16. f3 exf3 17. Bxf3 cxd4
18. exd4 Rxc4 19. b3 Rcc8 20. Bxb7 Rxc3 21. Rxc3 Bxa3 22. Rb1 Bb4 23. Rc4 Be7
24. Bg5 h6 25. Bf4 g5 26. Bc7 Rf8 27. Re1 Re8 28. Ra4 b5 29. Ra6 Bb4 30. Re2
Bc3 31. Be5 Ng4 32. Bc6 Ngxe5 33. dxe5 Rd8 34. Bxb5 {(I suspect there was now
a big time scramble)} 1-0

[Event "Mechanics' Winter TNM; G/2 d5"]
[Site "San Francisco"]
[Date "2019.01.15"]
[Round "2.30"]
[White "Casares Jr, Nick"]
[Black "Rushton, Peter"]
[Result "1-0"]
[WhiteElo "1600"]
[BlackElo "1186"]
[Annotator "Winslow,Elliott"]
[PlyCount "81"]
[EventDate "2019.01.08"]
[EventType "swiss"]
[EventRounds "8"]

1. e4 e5 2. Nf3 Nc6 3. Bc4 h6 4. O-O Nf6 5. Re1 Be7 $6 (5... Bc5) 6. d4 d6 7.
d5 Nd4 $6 (7... Nb8) 8. Nxd4 exd4 9. Qxd4 $18 O-O 10. h3 a6 $6 11. a4 c5 $6 12.
Qd3 Qa5 13. Bd2 Qb6 14. a5 Qc7 15. Nc3 b5 16. axb6 Qxb6 17. Na4 Qc7 18. Nc3 Nh5
$18 19. Bxa6 $4 Bg5 $4 (19... Bxa6 20. Rxa6 c4 21. Qf3 Rxa6 22. Qxh5 Bf6 23.
Nd1 Rb8 24. c3 Ra1 25. Qe2 $11) 20. Bxc8 Raxc8 21. Nb5 Qb6 22. c4 Qd8 23. Bxg5
Qxg5 24. Nxd6 Nf4 25. Qg3 Rb8 26. Qxg5 hxg5 27. Nb5 Nd3 28. Re2 Ne5 29. b3 f6
30. Rd2 Nd7 31. Ra7 Rf7 32. Rda2 Re7 33. Rc7 Kf8 34. Raa7 Rd8 35. Nd6 g6 36. g3
f5 37. exf5 gxf5 38. Nxf5 Re1+ 39. Kg2 Ne5 40. Rh7 Kg8 41. Nh6+ 1-0

[Event "Mechanics' Winter TNM; G/2 d5"]
[Site "San Francisco"]
[Date "2019.01.15"]
[Round "2.31"]
[White "Capdeville, Barry"]
[Black "Newey, Richard"]
[Result "1-0"]
[WhiteElo "1219"]
[BlackElo "1600"]
[PlyCount "45"]
[EventDate "2019.01.08"]
[EventType "swiss"]
[EventRounds "8"]

1. e4 c5 2. Nf3 d6 3. d4 cxd4 4. Nxd4 Nf6 5. Nc3 Nc6 6. Be2 Qb6 7. Bb5 Bd7 8.
Be3 Ng4 9. Bxc6 bxc6 10. Nf5 Nxe3 11. Nxe3 Qxb2 12. Ne2 Qb4+ 13. c3 Qxe4 14.
O-O g6 15. Ng3 Qe6 16. Re1 Qf6 17. Ne4 Qg7 18. Nxd6+ Kd8 19. Ne4 Kc7 20. Nc5
Rd8 21. Qb3 e5 22. Qb7+ Kd6 23. Rad1+ 1-0

[Event "Mechanics' Winter TNM; G/2 d5"]
[Site "San Francisco"]
[Date "2019.01.15"]
[Round "2.32"]
[White "Chan, John"]
[Black "Tabatabai, Hadi"]
[Result "1-0"]
[WhiteElo "1560"]
[BlackElo "1149"]
[PlyCount "61"]
[EventDate "2019.01.08"]
[EventType "swiss"]
[EventRounds "8"]

1. d4 d5 2. Nf3 f6 3. h3 Nc6 4. c3 e5 5. dxe5 Nxe5 6. Nd4 Bd7 7. Bf4 Bd6 8. e3
Ne7 9. Be2 N7c6 10. Nb5 Be6 11. Nd2 a6 12. Nxd6+ Qxd6 13. Qc2 Na5 14. b3 O-O-O
15. Rd1 Qc6 16. O-O g5 17. Bxe5 fxe5 18. Nf3 Qe8 19. Nxg5 e4 20. Nxe6 Qxe6 21.
Bg4 Qxg4 22. hxg4 h5 23. gxh5 Rxh5 24. Rfe1 Nc6 25. Kf1 Ne5 26. Ke2 Rh2 27. Rg1
c6 28. a4 Rg8 29. c4 dxc4 30. Qxe4 Nd3 31. Qe6+ 1-0

[Event "Mechanics' Winter TNM; G/2 d5"]
[Site "San Francisco"]
[Date "2019.01.15"]
[Round "2.33"]
[White "Bayaraa, Timothy"]
[Black "Boldi, Nicholas"]
[Result "0-1"]
[WhiteElo "1175"]
[BlackElo "1521"]
[PlyCount "56"]
[EventDate "2019.01.08"]
[EventType "swiss"]
[EventRounds "8"]

1. e4 e6 2. Nf3 d5 3. exd5 exd5 4. d4 c5 5. Be3 Nc6 6. Bb5 Nf6 7. dxc5 Bg4 8.
Bxc6+ bxc6 9. Nbd2 Be7 10. Qe2 O-O 11. Qd3 Qc7 12. Qd4 Rfe8 13. O-O Bxf3 14.
Nxf3 Ne4 15. Bd2 Bxc5 16. Qd3 Qb6 17. Be3 Bxe3 18. fxe3 Nf6 19. Rae1 h6 20. b3
Ng4 21. Kh1 Rxe3 22. Rxe3 Qxe3 23. Qd2 Qxd2 24. Nxd2 Re8 25. Kg1 Re2 26. Rd1
Ne3 27. Rc1 Rxg2+ 28. Kh1 Rxd2 0-1

[Event "Mechanics' Winter TNM; G/2 d5"]
[Site "San Francisco"]
[Date "2019.01.15"]
[Round "2.34"]
[White "Cole, Tony"]
[Black "Enkhjargal, Gabriel"]
[Result "1-0"]
[WhiteElo "1520"]
[BlackElo "1135"]
[Annotator "Winslow,Elliott"]
[PlyCount "74"]
[EventDate "2019.01.08"]
[EventType "swiss"]
[EventRounds "8"]

1. e4 e5 2. Nf3 Nc6 3. Nc3 Nf6 4. Bc4 Bb4 5. Ng5 O-O 6. Qf3 h6 7. h4 Nd4 8. Qd1
d6 9. Ne2 Nxe2 10. Qxe2 Bd7 11. c3 Bc5 12. Bb3 a5 13. d3 Bg4 14. Nf3 Re8 15.
Be3 Bxe3 16. Qxe3 d5 17. O-O-O d4 18. Qd2 Re7 19. Rde1 b5 20. Nh2 Be6 21. Bxe6
Rxe6 22. Kb1 a4 23. f4 Qd6 24. f5 Ree8 25. g4 dxc3 26. Qxc3 b4 27. Qd2 Nh7 28.
g5 h5 29. g6 fxg6 30. fxg6 Qxg6 31. Rhg1 Qd6 32. Nf3 Rf8 33. Ng5 Nxg5 34. Qxg5
Rf7 35. Qxh5 Ra6 36. Qg5 Qh6 37. Qxe5 Qxh4 {(Around here the score finally
becomes unguessable. Around move 53:)} 1-0

[Event "Mechanics' Winter TNM; G/2 d5"]
[Site "San Francisco"]
[Date "2019.01.15"]
[Round "2.35"]
[White "Tabatabai, Ashkon"]
[Black "Carron, Joel"]
[Result "0-1"]
[WhiteElo "1138"]
[BlackElo "1491"]
[Annotator "Winslow,Elliott"]
[PlyCount "24"]
[EventDate "2019.01.08"]
[EventType "swiss"]
[EventRounds "8"]

1. e4 c5 2. Nf3 g6 3. Bc4 Bg7 4. c3 Nc6 5. d4 cxd4 6. cxd4 Qb6 7. Be3 Qxb2 8.
Nbd2 Nxd4 9. O-O {[#]} Qxa1 10. Ne5 Ne2+ 11. Qxe2 Qxe5 12. Qf3 Nf6 0-1

[Event "Mechanics' Winter TNM; G/2 d5"]
[Site "San Francisco"]
[Date "2019.01.15"]
[Round "2.36"]
[White "Morgan, Jerry"]
[Black "Dunlap, Steven"]
[Result "1-0"]
[WhiteElo "1491"]
[BlackElo "1057"]
[PlyCount "87"]
[EventDate "2019.01.08"]
[EventType "swiss"]
[EventRounds "8"]

1. f4 g6 2. Nf3 d5 3. d3 Bg7 4. c3 b6 5. Qc2 Bb7 6. e4 e6 7. e5 Ne7 8. d4 O-O
9. Be3 Nf5 10. Bf2 f6 11. Nbd2 fxe5 12. fxe5 Nd7 13. g4 Ne7 14. Bh4 c5 15. Ng5
c4 16. Nxe6 Qe8 17. Nxf8 Qxf8 18. O-O-O b5 19. Bg2 Nb6 20. Rdf1 Qe8 21. Bf6 Bc8
22. h3 Be6 23. Rf2 Bh6 24. Rhf1 Nd7 25. Qd1 Be3 26. Rf3 Bh6 27. Qe1 g5 28. Qe3
Ng6 29. Bxg5 Bg7 30. Bh6 Bh8 31. Qg5 b4 32. h4 bxc3 33. Rxc3 a5 34. h5 Ndf8 35.
Rxf8+ Qxf8 36. Bxf8 Rxf8 37. Rf3 Rxf3 38. Bxf3 Bf7 39. hxg6 Bxg6 40. Qd8+ Kg7
41. Bxd5 c3 42. bxc3 a4 43. g5 a3 44. Qg8# 1-0

[Event "Mechanics' Winter TNM; G/2 d5"]
[Site "San Francisco"]
[Date "2019.01.15"]
[Round "2.37"]
[White "Chambers, Don"]
[Black "Baer, Michael A"]
[Result "1-0"]
[WhiteElo "1127"]
[BlackElo "1488"]
[PlyCount "77"]
[EventDate "2019.01.08"]
[EventType "swiss"]
[EventRounds "8"]

1. e4 e5 2. Nf3 Nc6 3. d4 exd4 4. Bc4 Nf6 5. c3 Nxe4 6. Qb3 Qe7 7. O-O Na5 8.
Qb5 Nxc4 9. Qxc4 Qc5 10. Qxd4 Qxd4 11. cxd4 d5 12. Re1 Be6 13. Bf4 O-O-O 14.
Nbd2 Bb4 15. Rac1 Rd7 16. Re2 Nxd2 17. Nxd2 h6 18. Nb3 g5 19. Be5 Rg8 20. a3
Bd6 21. Nc5 Bxc5 22. Rxc5 Bf5 23. Re1 c6 24. b4 a6 25. a4 Bd3 26. Re3 Bc4 27.
Rc3 Re8 28. b5 axb5 29. axb5 f6 30. bxc6 bxc6 31. Rxc6+ Kb7 32. Rxf6 Ra8 33.
Rc1 Rh7 34. h3 Ra2 35. Rb1+ Ka7 36. Bb8+ Ka8 37. Rf8 Ra6 38. Bd6+ Ka7 39. Bc5+
1-0

[Event "Mechanics' Winter TNM; G/2 d5"]
[Site "San Francisco"]
[Date "2019.01.15"]
[Round "2.38"]
[White "Harris, Clarence"]
[Black "Sullivan, George"]
[Result "1-0"]
[WhiteElo "1469"]
[BlackElo "958"]
[PlyCount "67"]
[EventDate "2019.01.08"]
[EventType "swiss"]
[EventRounds "8"]

1. e4 c5 2. Nc3 Nc6 3. d3 e6 4. g3 Nf6 5. Bg2 g6 6. f4 Bg7 7. Nf3 O-O 8. O-O
Re8 9. Be3 b6 10. Bf2 Kh8 11. e5 Ng8 12. Ne4 Qc7 13. Nd6 Rf8 14. Ng5 Nh6 15. g4
f6 16. Nge4 fxe5 17. g5 Nf5 18. Nxf5 exf5 19. Nf6 Rb8 20. fxe5 Nxe5 21. d4 Bxf6
22. gxf6 Nf7 23. Qd2 d6 24. dxc5 bxc5 25. Qc3 Ne5 26. Bh4 Bb7 27. Bxb7 Rxb7 28.
Rae1 h6 29. Bg3 Rxf6 30. Rxe5 f4 31. Re8+ Kg7 32. Rxf4 Qf7 33. Rxf6 Qxe8 34.
Re6+ 1-0

[Event "Mechanics' Winter TNM; G/2 d5"]
[Site "San Francisco"]
[Date "2019.01.15"]
[Round "2.39"]
[White "Derleth, Christopher"]
[Black "Bradley, Christopher"]
[Result "0-1"]
[WhiteElo "1060"]
[BlackElo "1427"]
[PlyCount "20"]
[EventDate "2019.01.08"]
[EventType "swiss"]
[EventRounds "8"]

1. d4 Nf6 2. c4 c5 3. dxc5 e6 4. b4 a5 5. Qa4 Ne4 6. Nf3 Qf6 7. Qa3 Qxa1 8. Qb2
Qxb2 9. Bxb2 axb4 10. e3 Rxa2 0-1

[Event "Mechanics' Winter TNM; G/2 d5"]
[Site "San Francisco"]
[Date "2019.01.15"]
[Round "2.40"]
[White "Frank, Robert H"]
[Black "Soffer, Josiah"]
[Result "1-0"]
[WhiteElo "1426"]
[BlackElo "799"]
[PlyCount "43"]
[EventDate "2019.01.08"]
[EventType "swiss"]
[EventRounds "8"]

1. d4 d5 2. Nf3 Nf6 3. e3 Nc6 4. c4 dxc4 5. Bxc4 Bf5 6. Qb3 e6 7. O-O Nb4 8.
Na3 c6 9. Bd2 b5 10. Nxb5 cxb5 11. Bxb5+ Nd7 12. Bxb4 Bxb4 13. Qxb4 Rb8 14. Ne5
f6 15. Bxd7+ Qxd7 16. Qxb8+ Qd8 17. Qxd8+ Kxd8 18. Nf7+ Ke8 19. Nxh8 Kf8 20.
Rfc1 e5 21. dxe5 fxe5 22. Rc7 1-0

[Event "Mechanics' Winter TNM; G/2 d5"]
[Site "San Francisco"]
[Date "2019.01.15"]
[Round "2.42"]
[White "Adams, Sophie"]
[Black "Bryan, Robert R"]
[Result "1-0"]
[WhiteElo "1406"]
[BlackElo "429"]
[PlyCount "65"]
[EventDate "2019.01.08"]
[EventType "swiss"]
[EventRounds "8"]

1. e4 c5 2. Nf3 d6 3. c3 Nc6 4. d4 Nf6 5. Bd3 a6 6. O-O g6 7. Bg5 Bg7 8. Nbd2
O-O 9. Re1 Re8 10. Nf1 h6 11. Bh4 b5 12. e5 Nd5 13. Be4 Nf4 14. Bxc6 Bd7 15.
Bxa8 Qxa8 16. exd6 exd6 17. Rxe8+ Qxe8 18. Bg3 Nd5 19. Bxd6 a5 20. Bxc5 Nf4 21.
Qe1 Qxe1 22. Rxe1 Be6 23. a3 a4 24. Ne5 Bf8 25. Ng3 Bxc5 26. dxc5 f6 27. Nxg6
Bf7 28. Nxf4 h5 29. Ngxh5 f5 30. c6 Be8 31. Rxe8+ Kf7 32. Re6 Kf8 33. c7 1-0

[Event "Mechanics' Winter TNM; G/2 d5"]
[Site "San Francisco"]
[Date "2019.01.15"]
[Round "2.45"]
[White "Wingenroth, Jordan"]
[Black "Rudyak, Felix"]
[Result "0-1"]
[WhiteElo "1442"]
[BlackElo "1892"]
[Annotator "Winslow,Elliott"]
[PlyCount "94"]
[EventDate "2019.01.08"]
[EventType "swiss"]
[EventRounds "8"]

1. Nf3 d5 2. d4 Nf6 3. c4 e6 4. g3 Be7 5. Bg2 O-O 6. cxd5 exd5 7. O-O Nbd7 8.
Nc3 c6 9. a4 Ne4 10. Qb3 Ndf6 11. Nxe4 dxe4 12. Ng5 Qxd4 (12... Bf5 $5 13. Qxb7
h6 14. Nh3 $17 {!?}) 13. Rd1 Qb6 (13... Qe5 14. Bf4 Qf5 15. Rd4 Bc5 16. Rc4 (
16. Bxe4 Nxe4 17. Rxe4 b6) 16... Bb6) 14. Qxb6 (14. Qc2) 14... axb6 15. Nxe4
Be6 16. Nc3 b5 17. Re1 Bb3 18. a5 Ra6 19. Bg5 Rfa8 20. e4 h6 21. Bxf6 Bxf6 22.
Ra3 Bc4 23. b4 c5 24. Nd5 Bxd5 $2 (24... cxb4 25. Nxb4 Rxa5 $19) (24... Bb2 25.
Rae3 Bd4 $19 (25... cxb4 $19)) 25. exd5 cxb4 26. Rae3 Rd6 (26... g6) (26... g5)
(26... Rxa5) 27. Re8+ Rxe8 28. Rxe8+ Kh7 29. Rb8 Rd7 30. d6 Bd8 31. Rxb7 Rxb7
32. Bxb7 Bxa5 33. Bc6 b3 34. Bxb5 b2 35. Bd3+ g6 (35... Kg8) 36. Kf1 Kg7 37.
Ke2 Kf6 38. Kd1 Bb6 39. f3 Bg1 40. h3 Bh2 41. g4 (41. Kc2) 41... Bxd6 42. Kc2
Be5 43. h4 Bd4 44. Kd2 $2 Ke5 45. Bc2 Kf4 46. Ke2 h5 47. gxh5 gxh5 0-1